[Event "Leverkusen - Rheinhausen"]
[Site "?"]
[Date "2024.05.05"]
[Round "9.1"]
[White "Nabuurs, Mart"]
[Black "Esser, Michael"]
[Result "1-0"]
[WhiteElo "2279"]
[BlackElo "2024"]
[PlyCount "163"]
[EventDate "2024.??.??"]
[SourceVersionDate "2020.03.16"]

1. e4 Nf6 2. e5 Nd5 3. d4 d6 4. c4 Nb6 5. f4 dxe5 6. fxe5 Nc6 7. Be3 Bf5 8. Nc3 e6 9. Nf3 Be7 10. d5 exd5 11. cxd5 Nb4 12. Nd4 Bd7 13. e6 fxe6 14. dxe6 Bc6 15. a3 N4d5 16. Bd3 g6 17. Nxc6 bxc6 18. Qf3 Rf8 19. Qe4 Bg5 20. Bc5 Be7 21. Nxd5 Qxd5 22. Bxe7 Qxe4+ 23. Bxe4 Kxe7 24. O-O-O Rad8 25. Bxc6 Rxd1+ 26. Rxd1 Kxe6 27. Bf3 Ke7 28. Kc2 Rf5 29. b3 Rc5+ 30. Kb2 Nd7 31. b4 Re5 32. Rc1 c5 33. Kb3 cxb4 34. Kxb4 a5+ 35. Kb3 g5 36. Rc6 Rb5+ 37. Ka4 Re5 38. Kb3 Rb5+ 39. Kc4 Rb2 40. Kd5 Rb5+ 41. Kd4 Rf5 42. Be4 Rf4 43. g3 Rf2 44. Rc2 Rf7 45. Rb2 h6 46. Rb5 Rf2 47. h3 Nf6 48. Rxa5 Nxe4 49. Ra7+ Kf6 50. Kxe4 Rh2 51. Ra6+ Kg7 52. Kf5 Rxh3 53. Ra7+ Kf8 54. Kg4 Rh2 55. a4 Ke8 56. a5 Kd8 57. a6 Ra2 58. Kh5 Rh2+ 59. Kg6 Kc8 60. Rb7 Ra2 61. Rb6 Kc7 62. Rf6 Rg2 63. Rf3 Rh2 64. Rb3 g4 65. Rb4 h5 66. a7 Ra2 67. Kxh5 Rxa7 68. Rd4 Kc6 69. Kxg4 Kc5 70. Rd3 Kc4 71. Rd1 Rg7+ 72. Kf4 Rf7+ 73. Ke5 Rg7 74. Rg1 Rg4 75. Kf5 Rg8 76. g4 Kd4 77. g5 Rf8+ 78. Ke6 Ra8 79. g6 Ra6+ 80. Kf5 Ra5+ 81. Kf4 Ra8 82. g7 1-0

[Event "Leverkusen - Rheinhausen"]
[Site "?"]
[Date "2024.05.05"]
[Round "9.2"]
[White "Baer, Marco"]
[Black "Heinert, Eugen"]
[Result "1-0"]
[WhiteElo "2020"]
[BlackElo "2069"]
[PlyCount "105"]
[EventDate "2024.??.??"]
[SourceVersionDate "2020.03.16"]

1. e4 e6 2. Nf3 d5 3. e5 c5 4. c3 Nc6 5. d4 Bd7 6. Be2 Nge7 7. Na3 cxd4 8. cxd4 Nf5 9. Nc2 Qa5+ 10. Bd2 Qb6 11. Bc3 Nb4 12. Nxb4 Bxb4 13. Bxb4 Qxb4+ 14. Qd2 Qb6 15. O-O O-O 16. Rac1 Rac8 17. h3 h6 18. g4 Ne7 19. Rxc8 Rxc8 20. Rc1 Bb5 21. Rxc8+ Nxc8 22. Bd1 Ne7 23. Bc2 Nc6 24. h4 Qa5 25. Qxa5 Nxa5 26. Bd1 Nc6 27. Kg2 Bd3 28. Kg3 g5 29. hxg5 hxg5 30. Nxg5 Nxd4 31. Nf3 Nxf3 32. Kxf3 d4 33. Kf4 Kg7 34. Bf3 b6 35. Be4 Bc4 36. b3 Be2 37. Bc6 Bd3 38. Be4 Bf1 39. Bc6 a5 40. Ke4 d3 41. Ke3 f6 42. exf6+ Kxf6 43. f4 e5 44. g5+ Ke6 45. fxe5 Kxe5 46. g6 Kf6 47. Be4 Bh3 48. Bxd3 Be6 49. Bb1 Ke5 50. Kd2 Kd4 51. g7 Bg8 52. Bd3 a4 53. Bc4 1-0

[Event "Leverkusen - Rheinhausen"]
[Site "?"]
[Date "2024.05.05"]
[Round "9.3"]
[White "Feldhaus, Sebastian"]
[Black "Debald, Heinrich"]
[Result "1/2-1/2"]
[WhiteElo "2088"]
[BlackElo "1952"]
[PlyCount "157"]
[EventDate "2024.??.??"]
[SourceVersionDate "2020.03.16"]

1. e4 c6 2. Nc3 d5 3. Nf3 dxe4 4. Nxe4 Nf6 5. Nxf6+ exf6 6. d4 Bd6 7. Be3 O-O 8. Qd2 Nd7 9. O-O-O Qc7 10. Bd3 c5 11. dxc5 Bxc5 12. Bf4 Qb6 13. Bg3 Ne5 14. Nxe5 fxe5 15. Kb1 f6 16. c3 Be6 17. Qe2 Bf7 18. Qc2 h6 19. Qe2 Kh8 20. f4 Qe6 21. b3 exf4 22. Qxe6 Bxe6 23. Bxf4 Bd5 24. b4 Bb6 25. Rd2 Rfe8 26. Kb2 g5 27. Bg6 Red8 28. Bg3 Kg7 29. Bf5 Bc6 30. Rhd1 Rxd2+ 31. Rxd2 Rd8 32. Re2 Re8 33. Rxe8 Bxe8 34. Be4 Bc6 35. Bxc6 bxc6 36. Kc2 Kf7 37. c4 Ke6 38. Bb8 a6 39. g4 f5 40. h3 f4 41. Kd3 Bd8 42. Ke4 Bf6 43. Ba7 Be7 44. a3 Bf6 45. Bc5 Be7 46. Bd4 Bf6 47. Bf2 Be7 48. Be1 Bf6 49. a4 Be7 50. Bd2 Bd8 51. Be1 Be7 52. b5 cxb5 53. cxb5 axb5 54. axb5 Bc5 55. Ba5 Kd7 56. Bc3 Kc7 57. Ba5+ Kb7 58. Bd8 Bf2 59. Kf3 Bh4 60. Ba5 Bg3 61. Ke4 Bf2 62. Bd8 Bh4 63. Kd4 Bf2+ 64. Kd3 Bg3 65. Ba5 Bh4 66. Bc3 Kb6 67. Kc4 f3 68. Bd4+ Ka5 69. Kd3 Kxb5 70. Bg7 f2 71. Ke2 Kc5 72. Bxh6 Kd4 73. Bf8 Ke4 74. Be7 Kf4 75. Bd6+ Ke4 76. Be7 f1=Q+ 77. Kxf1 Kf3 78. Bd8 Kg3 79. Bxg5 1/2-1/2

[Event "Leverkusen  - Rheinhausen"]
[Site "?"]
[Date "2024.05.05"]
[Round "9.4"]
[White "Boehm, Stefan"]
[Black "Heinert, Alex"]
[Result "1-0"]
[WhiteElo "1963"]
[BlackElo "2067"]
[PlyCount "127"]
[EventDate "2024.??.??"]
[SourceVersionDate "2020.03.16"]

1. d4 Nf6 2. c4 e6 3. Nc3 Bb4 4. Qc2 c5 5. dxc5 Bxc3+ 6. Qxc3 Ne4 7. Qc2 f5 8. a3 a5 9. g3 Nxc5 10. Nf3 a4 11. Bg5 Qc7 12. Bg2 Nb3 13. Rd1 d6 14. O-O Nd7 15. Nd4 Nxd4 16. Rxd4 h6 17. Bd2 Nc5 18. Bb4 O-O 19. Rfd1 Ra6 20. Bxc5 Qxc5 21. Qd2 Rd8 22. Qb4 Qxb4 23. axb4 Kf7 24. c5 d5 25. e3 Bd7 26. Bf1 Ra7 27. Ra1 Rda8 28. Ra3 b6 29. cxb6 Rb7 30. b5 Rxb6 31. Rdxa4 Rab8 32. Ra7 Ke7 33. Rc7 R6b7 34. Ra7 Rxc7 35. Rxc7 Kd6 36. Ra7 g5 37. b4 Bxb5 38. Bxb5 Rxb5 39. Rh7 g4 40. Rxh6 Rxb4 41. h4 gxh3 42. Rxh3 Rb2 43. Rh6 Rc2 44. Kf1 Rc6 45. Ke2 Kc5 46. Rh4 Ra6 47. Rf4 Ra2+ 48. Ke1 Kd6 49. g4 fxg4 50. Rxg4 e5 51. f4 e4 52. Rg8 Rc2 53. Kd1 Rc6 54. Rg6+ Kc5 55. Rxc6+ Kxc6 56. Kd2 Kd6 57. Kc3 Kc5 58. f5 d4+ 59. exd4+ Kd5 60. Kd2 Kd6 61. Ke3 Kd5 62. f6 Ke6 63. Kxe4 Kxf6 64. Kd5 1-0

[Event "Leverkusen - Rheinhausen"]
[Site "?"]
[Date "2024.05.05"]
[Round "9.5"]
[White "Liedmann, Dennis"]
[Black "Esser, Julian"]
[Result "1-0"]
[WhiteElo "1981"]
[BlackElo "1841"]
[PlyCount "87"]
[EventDate "2024.??.??"]
[SourceVersionDate "2020.03.16"]

1. d4 d5 2. Nf3 Nf6 3. e3 Bf5 4. c4 c6 5. Nc3 e6 6. Qb3 Qb6 7. c5 Qc7 8. Ne5 Nbd7 9. e4 Nxe4 10. Bf4 Nxe5 11. Bxe5 Qd7 12. Nb5 Rc8 13. Nxa7 Ra8 14. Nb5 Rc8 15. f3 Nf6 16. g4 Bg6 17. g5 Nh5 18. Nd6+ Bxd6 19. Bxd6 f6 20. h4 Kf7 21. Bh3 Rhe8 22. Bg4 Kg8 23. O-O-O Qf7 24. Qe3 Ra8 25. a3 e5 26. dxe5 fxe5 27. Bxe5 d4 28. Qxd4 Qa2 29. Qc3 Rxe5 30. Qxe5 Qb1+ 31. Kd2 Qc2+ 32. Ke3 Re8 33. Be6+ Bf7 34. Rd2 Qg6 35. Kf2 Bxe6 36. Re1 Bd7 37. Qd6 Qxd6 38. Rxe8+ Bxe8 39. cxd6 Bd7 40. Re2 Nf4 41. Re7 Nd3+ 42. Ke3 Bf5 43. d7 Bxd7 44. Rxd7 1-0

[Event "Leverkusen - Rheinhausen"]
[Site "?"]
[Date "2024.05.05"]
[Round "9.6"]
[White "Jiritschka, Wolfgang"]
[Black "Jentzsch, David"]
[Result "1/2-1/2"]
[WhiteElo "1882"]
[BlackElo "1944"]
[PlyCount "36"]
[EventDate "2024.??.??"]
[SourceVersionDate "2020.03.16"]

1. Nf3 d5 2. d4 Nf6 3. g3 Bf5 4. Bg2 h6 5. c4 c6 6. Nbd2 e6 7. O-O Be7 8. b3 Nbd7 9. Bb2 O-O 10. Ne5 Nxe5 11. dxe5 Nd7 12. e4 dxe4 13. Nxe4 Bxe4 14. Bxe4 Nc5 15. Bc2 a5 16. Qe2 Qb6 17. Bc3 Rfd8 18. Rad1 Na6 1/2-1/2

[Event "Leverkusen  - Rheinhausen"]
[Site "?"]
[Date "2024.05.05"]
[Round "9.7"]
[White "Scharrenbroich, Andreas"]
[Black "Henseler, Klaus"]
[Result "1-0"]
[WhiteElo "1821"]
[BlackElo "1939"]
[PlyCount "71"]
[EventDate "2024.??.??"]
[SourceVersionDate "2020.03.16"]

1. e4 c5 2. Nf3 d6 3. d4 cxd4 4. Nxd4 Nf6 5. Nc3 a6 6. h3 e6 7. Be3 Be7 8. a4 b6 9. g3 Bb7 10. Bg2 O-O 11. O-O Nbd7 12. e5 Nd5 13. Nxd5 exd5 14. e6 Nf6 15. c3 Qc8 16. h4 Kh8 17. Bh3 Ne4 18. Kh2 Qb8 19. f3 Nf6 20. exf7 Rxf7 21. Be6 Rf8 22. Qb3 Bd8 23. g4 Ne8 24. g5 Nc7 25. Rae1 Re8 26. Bg4 b5 27. Bf4 Be7 28. Bd7 Rf8 29. Bg3 Qd8 30. Bc6 bxa4 31. Qxa4 Rb8 32. Bxb7 Rxb7 33. Nc6 Rxb2+ 34. Rf2 Rxf2+ 35. Bxf2 Bxg5 36. Nxd8 1-0